000 00400nam a22001697a 4500
003 MPLRDC
005 20220104142507.0
008 210129b ||||| |||| 00| 0 eng d
082 _a830.55 SXL
100 _a苏雪林
245 _a辽金元文学
_c
250 _a重印
260 _a
_b商务印书馆
_c1964
300 _b
650 _a中国古代文学总集
942 _cBK
_o830.55 SXL
999 _c31338
_d31328